[Event "N�_LL 2008/09"]
[Site "?"]
[Date "2008.10.12"]
[Round "2"]
[White "Wadsack, Wolfgang"]
[Black "Perndl, Johann"]
[Result "1-0"]
[WhiteElo "2201"]
[BlackElo "1995"]
[Annotator "Baden : Amstetten"]
[PlyCount "73"]
[EventDate "2008.10.01"]
[SourceDate "2008.10.17"]

1. e4 c5 2. c3 d5 3. exd5 Qxd5 4. d4 cxd4 5. cxd4 Nc6 6. Nf3 e5 7. Nc3 Bb4 8.
Bd2 Bxc3 9. Bxc3 e4 10. Ne5 Nxe5 11. dxe5 Ne7 12. Be2 O-O 13. O-O Rd8 14. Bc4
Qxd1 15. Raxd1 Bf5 16. Rd6 Nc6 17. Rfd1 Kf8 18. h3 h5 19. Kf1 a6 20. Ke2 Rxd6
21. exd6 Re8 22. Ke3 Bd7 23. Be2 g6 24. g4 hxg4 25. hxg4 Ne5 26. Rh1 Kg8 27. g5
f5 28. gxf6 Nf7 29. Bc4 Be6 30. d7 Bxd7 31. Rh6 Bf5 32. Bxf7+ Kxf7 33. Rh7+ Ke6
34. Rxb7 Rd8 35. Re7+ Kd5 36. f7 Rf8 37. Bg7 1-0

[Event "N�_LL 2008/09"]
[Site "?"]
[Date "2008.10.12"]
[Round "2"]
[White "Eidenberger, Otto"]
[Black "Wadsack, Winfried"]
[Result "0-1"]
[WhiteElo "2015"]
[BlackElo "2120"]
[Annotator "Baden : Amstetten"]
[PlyCount "80"]
[EventDate "2008.10.01"]
[SourceDate "2008.10.17"]

1. e4 d5 2. exd5 Nf6 3. d4 Nxd5 4. c4 Nb6 5. Nc3 e5 6. Nf3 Bg4 7. Be3 Bb4 8.
Be2 exd4 9. Nxd4 Bxc3+ 10. bxc3 Bxe2 11. Qxe2 O-O 12. Rd1 Qe7 13. Qg4 Qe5 14.
O-O f5 15. Qg5 h6 16. Qh5 N8d7 17. Nf3 Qe6 18. Rfe1 Qf7 19. Qh3 Nxc4 20. Bxh6
gxh6 21. Qxh6 Qf6 22. Qh5 Nde5 23. Nxe5 Nxe5 24. Re3 Rad8 25. Rg3+ Ng4 26. Rd4
Rxd4 27. cxd4 Kg7 28. h3 Rh8 29. Rxg4+ fxg4 30. Qxg4+ Kh6 31. Qe4 Rf8 32. f3 c6
33. Qe3+ Qf4 34. Qe6+ Rf6 35. Qg8 Qxd4+ 36. Kh1 Qd1+ 37. Kh2 Qd6+ 38. Kh1 Rf8
39. Qg4 Rf4 40. Qg3 Rd4 0-1

[Event "N�_LL 2008/09"]
[Site "?"]
[Date "2008.10.12"]
[Round "3"]
[White "Ponjican, Erich"]
[Black "Batyte, Daiva"]
[Result "1/2-1/2"]
[WhiteElo "2117"]
[BlackElo "2160"]
[Annotator "Mauerbach : Stockerau"]
[PlyCount "34"]
[EventDate "2008.10.12"]
[SourceDate "2008.10.12"]

1. e4 b6 2. d4 Bb7 3. Bd3 Nf6 4. Qe2 e6 5. Nf3 d5 6. e5 Ne4 7. O-O c5 8. c3 Be7
9. Nbd2 Nxd2 10. Bxd2 a5 11. Bb5+ Bc6 12. a4 c4 13. Bxc6+ Nxc6 14. b3 cxb3 15.
Rfb1 O-O 16. Rxb3 Qc7 17. Rab1 Rfb8 1/2-1/2

[Event "N�_LL 2008/09"]
[Site "?"]
[Date "2008.10.12"]
[Round "3"]
[White "Hangweyrer, Manfred"]
[Black "Penz, Harald"]
[Result "1-0"]
[WhiteElo "2323"]
[BlackElo "2323"]
[Annotator "Mauerbach : Stockerau"]
[PlyCount "71"]
[EventDate "2008.??.??"]

1. e4 e5 2. Nf3 Nf6 3. Nc3 Nc6 4. g3 Bc5 5. Bg2 O-O 6. O-O d6 7. d3 a6 8. Be3
Bxe3 9. fxe3 d5 10. Nh4 d4 11. Nd5 Nxd5 12. exd5 Ne7 13. e4 c6 14. dxc6 Nxc6
15. Rf2 Be6 16. a3 Rc8 17. Nf5 g6 18. Qd2 f6 19. Nh4 Kg7 20. Raf1 Qb6 21. Qc1
Nb8 22. Nf3 Nd7 23. h4 Nc5 24. Qd2 Qxb2 25. Nxe5 Qxa3 26. Nf3 Rcd8 27. h5 gxh5
28. e5 f5 29. Qg5+ Kh8 30. Qxh5 Bf7 31. Qh6 Ne6 32. Nh4 f4 33. Qf6+ Kg8 34. Nf5
h5 35. Ne7+ Kh7 36. Be4+ 1-0

[Event "N�_LL 2008/09"]
[Site "?"]
[Date "2008.10.12"]
[Round "3"]
[White "Schorn, Christoph"]
[Black "Gr�tz, Harald"]
[Result "1/2-1/2"]
[WhiteElo "2166"]
[BlackElo "2364"]
[Annotator "Mauerbach : Stockerau"]
[PlyCount "75"]
[EventDate "2008.??.??"]

1. e4 c5 2. Nf3 d6 3. d4 cxd4 4. Nxd4 Nf6 5. Nc3 Nc6 6. Bg5 e6 7. Qd2 a6 8.
O-O-O Bd7 9. f4 h6 10. Bh4 g5 11. fxg5 Ng4 12. Be2 Nge5 13. Nf3 Be7 14. Bg3
hxg5 15. Rhf1 Qa5 16. Kb1 f6 17. Qe1 O-O-O 18. Nxe5 dxe5 19. Bg4 Kb8 20. Qe2
Ka8 21. Rxd7 Rxd7 22. Bxe6 Nd4 23. Qg4 Rc7 24. Bb3 Rxc3 25. bxc3 Nb5 26. Be1
Rd8 27. Qf3 Na3+ 28. Kc1 Qb5 29. Rf2 a5 30. Rd2 a4 31. Rxd8+ Bxd8 32. Qd1 Ba5
33. Qd6 axb3 34. Qxa3 b2+ 35. Kb1 b6 36. c4 Qxc4 37. Bxa5 bxa5 38. Qxa5+
1/2-1/2

[Event "N�_LL 2008/09"]
[Site "?"]
[Date "2008.10.12"]
[Round "3"]
[White "Schmid, Thomas"]
[Black "Descovich, Nicolai"]
[Result "1/2-1/2"]
[WhiteElo "2188"]
[BlackElo "2072"]
[Annotator "Mauerbach : Stockerau"]
[PlyCount "82"]
[EventDate "2008.??.??"]

1. e4 c5 2. Nf3 e6 3. b3 Nc6 4. Bb2 a6 5. Be2 Nf6 6. d3 d5 7. Nbd2 Be7 8. O-O
Qc7 9. exd5 exd5 10. d4 O-O 11. Bd3 Bg4 12. h3 Bh5 13. dxc5 Nb4 14. Be2 Bg6 15.
Ne1 Qxc5 16. a3 Nc6 17. Nd3 Qb6 18. Nf4 Rad8 19. Nxg6 hxg6 20. Bd3 Ne4 21. Qe2
Ng3 22. Qg4 Nxf1 23. Rxf1 Rd6 24. Nf3 Qd8 25. h4 Qd7 26. Qg3 Bf6 27. Bc1 Nd4
28. Be3 Nxf3+ 29. Qxf3 d4 30. Bd2 Bxh4 31. Bb4 Rf6 32. Qe4 Bg5 33. Bxf8 Kxf8
34. g3 Re6 35. Qg4 Bf6 36. Bc4 Rd6 37. Qf3 Qc6 38. Qxc6 Rxc6 39. a4 a5 40. Re1
Rc7 41. Kg2 Re7 1/2-1/2

[Event "N�_LL 2008/09"]
[Site "TOSHIBA"]
[Date "2008.10.12"]
[Round "3"]
[White "R�hrl, Karl"]
[Black "Strobl"]
[Result "1/2-1/2"]
[WhiteElo "2218"]
[BlackElo "2047"]
[Annotator "St.P�lten : B�hlerwerk"]
[PlyCount "80"]
[EventDate "2008.??.??"]
[TimeControl "240+2"]

1. e4 e5 2. Nc3 Bc5 3. Nf3 d6 4. d4 exd4 5. Nxd4 Nc6 6. Be3 Bb6 7. Qd2 Nf6 8.
O-O-O Ng4 9. Nxc6 bxc6 10. Bg5 f6 11. Bh4 O-O 12. h3 Ne5 13. f4 Nf7 14. Bc4 Qe8
15. Rhe1 Be6 16. Qd3 Kh8 17. Bb3 Bxb3 18. axb3 Qe6 19. Re2 Rae8 20. Qd2 Ba5 21.
Rde1 Qc8 22. Qd3 Qb7 23. Bf2 Bxc3 24. Qxc3 Qb5 25. g4 c5 26. Qc4 Qxc4 27. bxc4
Nd8 28. e5 fxe5 29. fxe5 Nc6 30. exd6 Rxe2 31. Rxe2 cxd6 32. Bg3 Nd4 33. Re1 h5
34. Bxd6 Rf2 35. Bxc5 Rxc2+ 36. Kb1 Rxc4 37. Bxa7 hxg4 38. Re4 gxh3 39. Rh4+
Kg8 40. Bb8 Nb3 1/2-1/2

[Event "N�_LL 2008/09"]
[Site "TOSHIBA"]
[Date "2008.10.12"]
[Round "3"]
[White "Lovrinovic, Christian"]
[Black "Denk, Adolf"]
[Result "1-0"]
[WhiteElo "2178"]
[BlackElo "2224"]
[Annotator "St.P�lten : B�hlerwerk"]
[PlyCount "93"]
[EventDate "2008.??.??"]
[TimeControl "240+2"]

1. d4 Nf6 2. c4 e6 3. Nc3 c5 4. d5 exd5 5. cxd5 d6 6. e4 g6 7. f4 Bg7 8. Bb5+
Nfd7 9. a4 Qh4+ 10. g3 Qe7 11. Nf3 O-O 12. O-O Na6 13. Re1 Nb4 14. Bf1 Rd8 15.
e5 dxe5 16. d6 Qe6 17. Ng5 Qf5 18. Bc4 Rf8 19. Re4 Nb6 20. Be2 exf4 21. Rxf4
Qxg5 22. Rxb4 Qd8 23. Rh4 Bf6 24. Re4 Bf5 25. Rf4 Be5 26. Rxf5 gxf5 27. a5 Nc8
28. Bh6 Nxd6 29. Bxf8 Qxf8 30. Qd5 Bd4+ 31. Kg2 Re8 32. Bf3 Qh6 33. Rd1 Re6 34.
Ne2 Re5 35. Qb3 c4 36. Qc2 Bc5 37. Nf4 Be3 38. Nd5 f4 39. Qc3 Re6 40. Bg4 f5
41. Bf3 fxg3 42. hxg3 Bg5 43. Nc7 Re3 44. Bd5+ Kf8 45. Qh8+ Ke7 46. Rh1 Re2+
47. Kf1 1-0

[Event "N�-LL 2008/09"]
[Site "?"]
[Date "2008.10.12"]
[Round "3"]
[White "Mahdy, Khaled"]
[Black "Kleiser, Gregor"]
[Result "1/2-1/2"]
[WhiteElo "2388"]
[BlackElo "2285"]
[Annotator "Niederabsdorf : Krems"]
[PlyCount "21"]
[EventDate "2008.??.??"]
[SourceDate "2008.10.12"]

1. e4 c5 2. Nf3 d6 3. c3 Nf6 4. Bc4 Nc6 5. d3 g6 6. O-O Bg7 7. Bb3 O-O 8. h3 b5
9. Be3 Bb7 10. Nbd2 Qc7 11. Qe2 1/2-1/2

[Event "N� - LL 2008/09"]
[Site "?"]
[Date "2008.10.12"]
[Round "3"]
[White "Schwarhofer, Christopher"]
[Black "Mayer, Martin"]
[Result "1-0"]
[WhiteElo "2189"]
[BlackElo "2015"]
[Annotator "Niederabsdorf : Krems"]
[PlyCount "43"]
[EventDate "2008.??.??"]
[SourceDate "2008.10.12"]

1. e4 c5 2. Nf3 d6 3. d4 cxd4 4. Nxd4 Nf6 5. Nc3 Nc6 6. f3 e5 7. Nb3 Be6 8. Nd5
Be7 9. Be3 O-O 10. Qd2 Nd7 11. Nxe7+ Qxe7 12. O-O-O Rfc8 13. Kb1 a5 14. Nc1 b5
15. Bxb5 Rab8 16. a4 Nb6 17. Qxd6 Qxd6 18. Rxd6 Nc4 19. Rxe6 Rxb5 20. axb5 Nb4
21. Rxe5 Nxe5 22. c3 1-0

[Event "N� - LL 2008/09"]
[Site "?"]
[Date "2008.10.12"]
[Round "3"]
[White "Teuber, Andreas"]
[Black "Walter, Martin"]
[Result "1/2-1/2"]
[WhiteElo "2154"]
[BlackElo "1939"]
[Annotator "Niederabsdorf : Krems"]
[PlyCount "98"]
[EventDate "2008.??.??"]
[SourceDate "2008.10.12"]

1. d4 Nf6 2. Nf3 g6 3. c4 Bg7 4. Nc3 d5 5. e3 O-O 6. cxd5 Nxd5 7. Qb3 Nxc3 8.
bxc3 c5 9. Be2 cxd4 10. cxd4 a6 11. O-O b5 12. Ba3 Re8 13. Ng5 e6 14. Bf3 Ra7
15. Ne4 Bf8 16. Rfc1 Bb7 17. Rc2 Bd5 18. Qc3 Nd7 19. Rac1 Nb6 20. Bxf8 Rxf8 21.
Qc5 Bc4 22. Nd2 Qc7 23. Qg5 Qd8 24. Qc5 Qc7 25. Qa3 Qe7 26. Qa5 Rb8 27. h3 h5
28. Rb2 Qd6 29. Ne4 Qd8 30. Nc5 Bd5 31. Be2 Nc4 32. Qxd8+ Rxd8 33. Bxc4 Bxc4
34. Ne4 Kg7 35. Nd2 Bd5 36. Rc5 Kf6 37. f3 Rad7 38. Kf2 Ke7 39. e4 Bc4 40. Nxc4
bxc4 41. Rxc4 Rxd4 42. Rxd4 Rxd4 43. e5 Ra4 44. g3 g5 45. Rb7+ Kf8 46. Rb2 Kg7
47. Ke3 Kg6 48. g4 hxg4 49. hxg4 Ra3+ 1/2-1/2

[Event "N� - LL 2008/09"]
[Site "?"]
[Date "2008.10.12"]
[Round "3"]
[White "Polsterer, Heinz"]
[Black "Wiedermann, Daniel"]
[Result "1/2-1/2"]
[WhiteElo "2162"]
[BlackElo "1973"]
[Annotator "Niederabsdorf : Krems"]
[PlyCount "137"]
[EventDate "2008.??.??"]
[SourceDate "2008.10.12"]

1. e4 c5 2. Nf3 Nc6 3. Bb5 g6 4. O-O Bg7 5. c3 Nf6 6. Qe2 O-O 7. d3 d6 8. h3
Bd7 9. Bg5 Qb6 10. Ba4 Qa6 11. Bb3 h6 12. Bh4 Nh5 13. Qe3 e5 14. Nbd2 Qb6 15.
Rab1 Qc7 16. Nh2 Kh8 17. Kh1 Rae8 18. Bd1 Nf4 19. Bg3 f5 20. Bxf4 exf4 21. Qe2
fxe4 22. dxe4 d5 23. Bc2 d4 24. Nb3 dxc3 25. bxc3 b6 26. c4 Be6 27. Rbc1 Rd8
28. Nf3 Qf7 29. Bb1 Rd7 30. Rfe1 Ne5 31. Nbd2 Rfd8 32. Nxe5 Bxe5 33. Nf3 Qf6
34. Kg1 Bf7 35. Kh1 Kg7 36. Kg1 g5 37. Kh1 Qd6 38. Kg1 Qe6 39. Kh1 Qf6 40. Kg1
Bh5 41. Red1 Bxf3 42. Rxd7+ Rxd7 43. Qxf3 Rd2 44. Rd1 Qd6 45. Rxd2 Qxd2 46. Qd3
Qe1+ 47. Qf1 Qc3 48. Qd3 Qc1+ 49. Qf1 Qb2 50. Qd3 Bd4 51. Qc2 Kf6 52. e5+ Kxe5
53. Qf5+ Kd6 54. Qd5+ Kc7 55. Qf7+ Kd8 56. Qf8+ Kc7 57. Qe7+ Kb8 58. Qe8+ Kb7
59. Qd7+ Ka6 60. Qa4+ Kb7 61. Be4+ Kc7 62. Qc6+ Kd8 63. Qd6+ Kc8 64. Bf5+ Kb7
65. Qd7+ Ka6 66. Qb5+ Kb7 67. Be4+ Kc7 68. Qc6+ Kd8 69. Qd6+ 1/2-1/2

[Event "N�-LL 2008/09"]
[Site "?"]
[Date "2008.10.12"]
[Round "3"]
[White "Kummer, Helmut"]
[Black "Zwettler, Martin"]
[Result "1/2-1/2"]
[WhiteElo "2370"]
[BlackElo "2145"]
[Annotator "Zwettl : Bad V�slau/Kottingbrunn"]
[PlyCount "72"]
[EventDate "2008.10.01"]
[SourceDate "2008.10.22"]

1. d4 g6 2. c4 Bg7 3. Nc3 d6 4. e4 Nc6 5. Nge2 e5 6. d5 Nce7 7. f3 f5 8. Be3
Nf6 9. Qd2 O-O 10. O-O-O fxe4 11. Nxe4 Nf5 12. Bg5 Nxe4 13. fxe4 Qxg5 14. Qxg5
Bh6 15. Qd2 Bxd2+ 16. Kxd2 Nh6 17. h3 b6 18. Ke3 Bd7 19. Nc3 Nf7 20. Be2 h5 21.
Rdf1 Ng5 22. Bd1 Rxf1 23. Rxf1 Rf8 24. Rxf8+ Kxf8 25. Ba4 Ke7 26. Bxd7 Kxd7 27.
b4 Nh7 28. Nb5 a6 29. Na7 Nf6 30. Nc6 Kc8 31. h4 Kb7 32. Ne7 a5 33. b5 Nd7 34.
Nxg6 Kc8 35. Ne7+ Kd8 36. Nf5 Nf6 {Rest nicht lesbar} 1/2-1/2

[Event "N�-LL 2008/09"]
[Site "?"]
[Date "2008.10.12"]
[Round "3"]
[White "Vykydal, Frantisek"]
[Black "Zojer, Thomas"]
[Result "1-0"]
[WhiteElo "2242"]
[BlackElo "2079"]
[Annotator "Zwettl : Bad V�slau/Kottingbrunn"]
[PlyCount "101"]
[EventDate "2008.10.01"]
[SourceDate "2008.10.22"]

1. e4 e6 2. d3 d5 3. Nd2 Nf6 4. g3 c5 5. Bg2 Nc6 6. Ne2 Be7 7. O-O O-O 8. Nf4
Ne5 9. h3 Bd7 10. Nh5 Bc6 11. Nxf6+ Bxf6 12. f4 Nd7 13. e5 Be7 14. Nf3 f5 15.
exf6 Bxf6 16. Re1 Re8 17. c3 e5 18. Bd2 exf4 19. Bxf4 Nf8 20. Qd2 Qd7 21. d4
cxd4 22. cxd4 Ng6 23. Bg5 Qf5 24. Bxf6 Qxf6 25. Rf1 Qd6 26. Kh2 Re7 27. Rae1
Rae8 28. Rxe7 Rxe7 29. Re1 h6 30. Rxe7 Qxe7 31. h4 Qd6 32. Qe1 Bd7 33. Qa5 Bg4
34. Ne5 Nxe5 35. dxe5 Qxe5 36. Qxd5+ Qxd5 37. Bxd5+ Kf8 38. Bxb7 Be6 39. a3 Bb3
40. Kg2 Ke7 41. Kf3 Kf6 42. Ke4 Ke6 43. Kd4 Kd6 44. Bc8 a5 45. Bf5 Bf7 46. b4
axb4 47. axb4 Be8 48. Bd3 g5 49. hxg5 hxg5 50. b5 Bd7 51. b6 1-0

[Event "N�-LL 2008/09"]
[Site "?"]
[Date "2008.10.12"]
[Round "3"]
[White "Lampl, Gerald"]
[Black "Pakosta, Miroslav"]
[Result "1/2-1/2"]
[WhiteElo "2155"]
[BlackElo "2175"]
[Annotator "Zwettl : Bad V�slau/Kottingbrunn"]
[PlyCount "51"]
[EventDate "2008.10.01"]
[SourceDate "2008.10.22"]

1. d4 Nf6 2. Nf3 d6 3. g3 g6 4. c4 Bg7 5. Bg2 O-O 6. Nc3 Nc6 7. d5 Ne5 8. Nxe5
dxe5 9. O-O h5 10. Bg5 Nh7 11. Be3 Bf5 12. h3 Qd7 13. Kh2 g5 14. Qd2 f6 15.
Rad1 Rf7 16. c5 a6 17. c6 bxc6 18. dxc6 Qxd2 19. Rxd2 e6 20. Rfd1 Bg6 21. Bc5
Bf8 22. Rd8 Rxd8 23. Rxd8 Kg7 24. Bxf8+ Rxf8 25. Rd7+ Rf7 26. Rd8 1/2-1/2

[Event "N�-LL 2008/09"]
[Site "?"]
[Date "2008.10.12"]
[Round "3"]
[White "Stadler, Peter"]
[Black "Zojer, Stefan"]
[Result "1-0"]
[WhiteElo "2179"]
[BlackElo "2044"]
[Annotator "Zwettl : Bad V�slau/Kottingbrunn"]
[PlyCount "45"]
[EventDate "2008.10.01"]
[SourceDate "2008.10.22"]

1. d4 d5 2. c4 c6 3. Nf3 Nf6 4. Nc3 a6 5. cxd5 cxd5 6. Bf4 e6 7. e3 Bb4 8. Bd3
O-O 9. O-O Nc6 10. h3 Re8 11. Ne5 Bd7 12. Bg5 Be7 13. f4 Nb4 14. Bb1 Bb5 15.
Rf2 Qb6 16. a3 Nc6 17. Bxf6 Bxf6 18. Nd7 Qd8 19. Nxf6+ Qxf6 20. a4 Bc4 21. b3
b5 22. bxc4 dxc4 23. Be4 1-0

[Event "N�-LL 2008/09"]
[Site "?"]
[Date "2008.10.12"]
[Round "3"]
[White "Schroll, Gerhard"]
[Black "Trkulja, Zoran"]
[Result "1-0"]
[WhiteElo "2395"]
[BlackElo "2211"]
[Annotator "Bisamberg/Korneuburg : Wr.Neustadt"]
[PlyCount "55"]
[EventDate "2008.10.01"]
[SourceDate "2008.10.22"]

1. b3 d5 2. Bb2 c5 3. e3 Nc6 4. f4 Nf6 5. Nf3 Bg4 6. h3 Bxf3 7. Qxf3 h5 8. g3
e6 9. Nc3 Qa5 10. Bb5 a6 11. Bxc6+ bxc6 12. O-O-O c4 13. g4 Ba3 14. f5 e5 15.
Qg3 Nd7 16. gxh5 O-O-O 17. Qxg7 Rdf8 18. h6 Rhg8 19. f6 d4 20. Na4 Bxb2+ 21.
Kxb2 Nc5 22. Nxc5 c3+ 23. dxc3 dxc3+ 24. Ka1 Qxc5 25. h7 Rh8 26. Rhg1 Qa3 27.
Rb1 Kb7 28. b4 1-0

[Event "N�-LL 2008/09"]
[Site "?"]
[Date "2008.10.12"]
[Round "3"]
[White "Sadilek, Peter"]
[Black "Todor, Razvan"]
[Result "1-0"]
[WhiteElo "2167"]
[BlackElo "2181"]
[Annotator "Bisamberg/Korneuburg : Wr.Neustadt"]
[PlyCount "79"]
[EventDate "2008.10.01"]
[SourceDate "2008.10.22"]

1. e4 c5 2. Nf3 e6 3. d4 cxd4 4. Nxd4 Bc5 5. Nb3 Bb6 6. Nc3 Ne7 7. Bf4 O-O 8.
Bd6 f5 9. e5 Nbc6 10. Qd2 Bc7 11. Bxc7 Qxc7 12. f4 a6 13. Be2 b6 14. O-O-O Rd8
15. Qd6 Ra7 16. Bf3 b5 17. Qxc7 Rxc7 18. h4 Kf7 19. Rd6 Ke8 20. Rhd1 Ng6 21. g3
Ke7 22. h5 Nf8 23. Bxc6 Rxc6 24. Nd4 Rxd6 25. exd6+ Kf6 26. Nf3 Bb7 27. Ne5 Rc8
28. Rd4 g6 29. hxg6 hxg6 30. Kd2 g5 31. a4 bxa4 32. Nxa4 g4 33. Nb6 Rd8 34. Rc4
Bc6 35. Ke3 Rb8 36. Rxc6 Rb7 37. Nbxd7+ Nxd7 38. Nxd7+ Rxd7 39. Rxa6 e5 40. c4
1-0

[Event "N�-LL 2008/09"]
[Site "?"]
[Date "2008.10.12"]
[Round "3"]
[White "Posch, Werner"]
[Black "Reinwald, Patrick"]
[Result "0-1"]
[WhiteElo "2198"]
[BlackElo "2041"]
[Annotator "Bisamberg/Korneuburg : Wr.Neustadt"]
[PlyCount "116"]
[EventDate "2008.10.01"]
[SourceDate "2008.10.22"]

1. e4 e5 2. Nc3 Nf6 3. Bc4 Nxe4 4. Qh5 Nd6 5. Bb3 Nc6 6. Nb5 g6 7. Qf3 f5 8.
Qd5 Qe7 9. Nxc7+ Kd8 10. Nxa8 b6 11. d3 Nd4 12. h4 h6 13. Nxb6 axb6 14. Qa8 Kc7
15. Be3 Bb7 16. Qa3 f4 17. Bxd4 exd4+ 18. Kf1 Qe5 19. Nf3 Qh5 20. Rh3 Nc4 21.
Qa7 Bc5 22. Bxc4 Ra8 23. Qxa8 Bxa8 24. Re1 Qg4 25. Re8 Bc6 26. Rg8 Bxf3 27.
Rxf3 Qxh4 28. Kg1 Qf6 29. Bd5 h5 30. Rh3 h4 31. Be4 g5 32. a3 Be7 33. Rh1 Qe6
34. Rg6 Qe5 35. Kf1 d5 36. Bf3 Qf5 37. Rg7 Kd6 38. Bh5 Bf6 39. Rf7 Qe6 40. a4
Be7 41. b4 Qc8 42. Kg1 Qxc2 43. a5 bxa5 44. bxa5 Qa2 45. Kh2 Qxf2 46. Rb1 h3
47. Rb6+ Kc5 48. Bf3 Bd8 49. Rg6 hxg2 50. Bxg2 Qg3+ 51. Kh1 g4 52. Rf5 f3 53.
Bxf3 Qh3+ 54. Kg1 gxf3 55. Rf8 Bh4 56. a6 f2+ 57. Rxf2 Bxf2+ 58. Kxf2 Qf5+ 0-1

[Event "N�-LL 2008/09"]
[Site "?"]
[Date "2008.10.12"]
[Round "3"]
[White "Wetscherek, Gerhard"]
[Black "Wiedner, Robert"]
[Result "1-0"]
[WhiteElo "2107"]
[BlackElo "2179"]
[Annotator "Bisamberg/Korneuburg : Wr.Neustadt"]
[PlyCount "67"]
[EventDate "2008.10.01"]
[SourceDate "2008.10.22"]

1. e4 c5 2. Nf3 e6 3. c3 b6 4. d4 Bb7 5. Bd3 Be7 6. O-O d6 7. Qe2 Nd7 8. Bf4 g5
9. Be3 h5 10. Nbd2 Nh6 11. b4 Ng4 12. bxc5 dxc5 13. e5 Nxe3 14. fxe3 Qc7 15. a4
Rg8 16. Be4 g4 17. Ne1 f5 18. exf6 Bxf6 19. Qc4 Ke7 20. Nd3 Bg5 21. Nf4 Bxf4
22. exf4 g3 23. h3 Rae8 24. d5 e5 25. Rae1 Kd8 26. d6 Qxd6 27. Rd1 Kc7 28. Bxb7
Kxb7 29. Ne4 Qe7 30. Nd6+ Kc7 31. Nxe8+ Rxe8 32. fxe5 Qxe5 33. Rf7 Re7 34. Rxe7
1-0

[Event "N�_LL 2008/09"]
[Site "?"]
[Date "2008.11.02"]
[Round "4"]
[White "Heimberger, Reinhard"]
[Black "Mahdy, Khaled"]
[Result "1/2-1/2"]
[WhiteElo "2219"]
[BlackElo "2388"]
[Annotator "Krems : B�hlerwerk"]
[PlyCount "46"]
[EventDate "2008.11.10"]
[SourceDate "2008.11.10"]

1. d4 Nf6 2. g3 g6 3. Bg2 Bg7 4. e4 d6 5. Ne2 O-O 6. O-O e5 7. h3 Nc6 8. d5 Ne7
9. c4 Nd7 10. Nbc3 f5 11. Be3 Nf6 12. Qd2 Nh5 13. exf5 gxf5 14. f4 Ng6 15. Kh2
Bd7 16. fxe5 Bxe5 17. Bg5 Nxg3 18. Nxg3 Bxg3+ 19. Kxg3 f4+ 20. Qxf4 Rxf4 21.
Bxd8 Rxf1 22. Rxf1 Rxd8 23. Ne4 b6 1/2-1/2

[Event "N�_LL 2008/09"]
[Site "?"]
[Date "2008.11.02"]
[Round "4"]
[White "Winiwarter, Felix"]
[Black "Kranzl, Peter"]
[Result "0-1"]
[WhiteElo "2189"]
[BlackElo "2266"]
[Annotator "Krems : B�hlerwerk"]
[PlyCount "106"]
[EventDate "2008.11.10"]
[SourceDate "2008.11.10"]

1. d4 g6 2. c4 Bg7 3. Nc3 Nf6 4. Nf3 O-O 5. g3 d6 6. Bg2 c6 7. O-O Bf5 8. Nh4
Be6 9. d5 cxd5 10. cxd5 Bd7 11. e4 Na6 12. f4 Ng4 13. Qe2 Qb6+ 14. Kh1 Rac8 15.
Bd2 Bd4 16. h3 Ne3 17. Bxe3 Bxe3 18. Nf3 Bc5 19. e5 Bb4 20. Rac1 Nc5 21. g4 Qa6
22. Qf2 Bxc3 23. bxc3 Ne4 24. Qh4 f6 25. Rfe1 Qd3 26. Rcd1 Qc2 27. Rd4 g5 28.
fxg5 Nf2+ 29. Kg1 fxe5 30. Rd2 Qxc3 31. Rxf2 Be8 32. Nd2 Qd4 33. Ref1 Bg6 34.
Kh2 Rxf2 35. Rxf2 Rc2 36. Ne4 Bxe4 37. Rxc2 Bxc2 38. g6 Bxg6 39. Qxe7 Qf4+ 40.
Kh1 Qc1+ 41. Kh2 Qf4+ 42. Kg1 e4 43. Qe6+ Kf8 44. Qc8+ Ke7 45. Qxb7+ Kf6 46.
Qxa7 e3 47. Qb8 Qf2+ 48. Kh2 e2 49. Qf8+ Bf7 50. Qxd6+ Kg7 51. Qe5+ Kh6 52. g5+
Kh5 53. Qd6 Bg6 0-1

[Event "N�_LL 2008/09"]
[Site "?"]
[Date "2008.11.02"]
[Round "4"]
[White "Strobel, Ferdinand"]
[Black "W�ber, Friedrich"]
[Result "1/2-1/2"]
[WhiteElo "2047"]
[BlackElo "2131"]
[Annotator "Krems : B�hlerwerk"]
[PlyCount "26"]
[EventDate "2008.11.10"]
[SourceDate "2008.11.10"]

1. e4 e5 2. Nf3 Nc6 3. Bb5 a6 4. Bxc6 dxc6 5. O-O Bg4 6. h3 h5 7. c3 Qd3 8.
hxg4 hxg4 9. Nxe5 Bd6 10. Nxg4 Nf6 11. Nxf6+ gxf6 12. Re1 Bh2+ 13. Kh1 Bd6+
1/2-1/2

[Event "N�-LL 2008/09"]
[Site "?"]
[Date "2008.11.02"]
[Round "4"]
[White "Gruszka, Herbert"]
[Black "Brandst�tter, Friedrich"]
[Result "1/2-1/2"]
[WhiteElo "1990"]
[BlackElo "2013"]
[Annotator "Krems : B�hlerwerk"]
[PlyCount "59"]
[EventDate "2008.11.10"]
[SourceDate "2008.11.10"]

1. e4 c5 2. Nf3 Nc6 3. d4 cxd4 4. Nxd4 Nf6 5. Nc3 d6 6. Be2 e6 7. Be3 Be7 8.
O-O O-O 9. Nb3 a6 10. a4 b6 11. f4 Bb7 12. Bf3 Qc7 13. Qd2 Rad8 14. Qf2 Nd7 15.
Rad1 Nc5 16. Nxc5 bxc5 17. g4 g6 18. g5 f5 19. exf5 gxf5 20. h4 Rf7 21. h5 Bf8
22. Ne2 Bg7 23. c3 Ne7 24. Bxb7 Qxb7 25. Bxc5 Qxb2 26. Bxd6 Nd5 27. Be5 Bxe5
28. fxe5 Rc8 29. Rb1 Qd2 30. Kh1 1/2-1/2

[Event "N�-LL 2008/09"]
[Site "?"]
[Date "2008.11.02"]
[Round "4"]
[White "Wiedermann, Daniel"]
[Black "Sulyok, Michael"]
[Result "1/2-1/2"]
[WhiteElo "2162"]
[BlackElo "2204"]
[Annotator "Niederabsdorf : Baden"]
[PlyCount "43"]
[EventDate "2008.??.??"]
[SourceDate "2008.11.04"]

1. d4 f5 2. c4 Nf6 3. g3 g6 4. Bg2 Bg7 5. Nc3 O-O 6. Nh3 d6 7. d5 Na6 8. Nf4 e5
9. dxe6 c6 10. h4 Nc5 11. h5 gxh5 12. Be3 Nxe6 13. Qd2 Ng4 14. O-O-O Nxe3 15.
Qxe3 Nxf4 16. gxf4 Rf6 17. Rxh5 Be6 18. Qd3 Qb6 19. e3 h6 20. Bf3 Bf7 21. Rh2
Qc5 22. Be2 1/2-1/2

[Event "N�-LL 2008/09"]
[Site "?"]
[Date "2008.11.02"]
[Round "4"]
[White "Berbati, Kadri"]
[Black "Schwarhofer, Christoher"]
[Result "0-1"]
[WhiteElo "2007"]
[BlackElo "2189"]
[Annotator "Niederabsdorf : Baden"]
[PlyCount "90"]
[EventDate "2008.??.??"]
[SourceDate "2008.11.04"]

1. d4 Nf6 2. Nf3 g6 3. c4 Bg7 4. Nc3 O-O 5. e4 d6 6. Bd3 e5 7. dxe5 dxe5 8. Bg5
Nbd7 9. O-O c6 10. Qd2 Qc7 11. b4 Rd8 12. Rad1 Nf8 13. h3 Ne6 14. c5 a5 15. a3
Nxg5 16. Qxg5 axb4 17. axb4 Ra3 18. Qc1 Rb3 19. b5 Qa5 20. Bc4 Rxd1 21. Nxd1
Rxf3 22. gxf3 Bxh3 23. bxc6 bxc6 24. Ne3 Bxf1 25. Nxf1 Bf8 26. Qg5 Qxc5 27.
Qxf6 Qxc4 28. Qxe5 Qc5 29. Qe8 Qg5+ 30. Kh2 c5 31. Ne3 Kg7 32. e5 Be7 33. Nc4
Qf4+ 34. Kg2 Qg5+ 35. Kf1 Qc1+ 36. Kg2 Qg5+ 37. Kf1 Qf4 38. Qxe7 Qxc4+ 39. Kg2
Kh6 40. Qf8+ Kh5 41. Qe7 h6 42. Qd6 Qd4 43. Qf6 Qh4 44. Qxf7 Qg5+ 45. Kh3 Qf5+
0-1

[Event "N�-LL 2008/09"]
[Site "?"]
[Date "2008.11.02"]
[Round "4"]
[White "Bawart, Markus"]
[Black "Kleiser, Gregor"]
[Result "1/2-1/2"]
[WhiteElo "2349"]
[BlackElo "2285"]
[Annotator "Niederabsdorf : Baden"]
[PlyCount "26"]
[EventDate "2008.??.??"]
[SourceDate "2008.11.04"]

1. e4 c5 2. Nf3 d6 3. d4 cxd4 4. Nxd4 Nf6 5. Nc3 a6 6. Be3 e5 7. Nb3 Be7 8. f3
Be6 9. Qd2 O-O 10. O-O-O Nbd7 11. g4 b5 12. g5 b4 13. Na4 Ne8 1/2-1/2

[Event "N�-LL 2008/09"]
[Site "?"]
[Date "2008.11.02"]
[Round "4"]
[White "Hansen, Kay"]
[Black "Cika, Agron"]
[Result "1-0"]
[WhiteElo "2211"]
[BlackElo "1949"]
[Annotator "Niederabsdorf : Baden"]
[PlyCount "73"]
[EventDate "2008.??.??"]
[SourceDate "2008.11.04"]

1. d4 Nf6 2. Bg5 g6 3. c4 d6 4. Nc3 Bg7 5. e4 Nbd7 6. f3 c5 7. d5 O-O 8. Qd2 a6
9. Bd3 Ne8 10. Bh6 Ne5 11. Bxg7 Nxg7 12. f4 Nxd3+ 13. Qxd3 b5 14. Nge2 b4 15.
Nd1 Bb7 16. Ne3 f5 17. e5 dxe5 18. fxe5 f4 19. Ng4 Qd7 20. Nh6+ Kh8 21. O-O Nf5
22. e6 Qd6 23. Nf7+ Rxf7 24. exf7 e5 25. Rae1 Rf8 26. g3 Ne3 27. Rf3 g5 28.
Rxe3 fxe3 29. Rf1 Bc8 30. Qxe3 Bg4 31. Nc1 Qe7 32. Nd3 e4 33. Nxc5 Rxf7 34.
Rxf7 Qxf7 35. Qd4+ Kg8 36. Nxe4 Bh3 37. Qf6 1-0